| 000 | 00700nam a2200301Ia 4500 | ||
|---|---|---|---|
| 005 | 20260330160904.0 | ||
| 008 | 008 300114s9999 xx 000 0 eng d | ||
| 020 | _a9789355322098 | ||
| 037 | _aEBOOK | ||
| 040 | _aCRL | ||
| 040 | _beng | ||
| 040 | _cCRL | ||
| 041 | _2eng | ||
| 041 | _aeng | ||
| 084 | _qCRL | ||
| 100 | _aPathak | ||
| 245 | 0 | _aLegal Aspect of Business | |
| 250 | _a8 | ||
| 260 | _bMcgraw Hill | ||
| 260 | _c2022 | ||
| 365 | _aINR | ||
| 365 | _b75600 | ||
| 650 |
_aBusiness Law _9419161 |
||
| 856 | _uhttps://resolver.vitalsource.com/9789355322098/?brand=mcgrawhillindia.vitalsource.com | ||
| 942 | _cEBOOK | ||
| 999 |
_c1844144 _d1844144 |
||